000
00214nam a2200097Ia 4500
008
180219s9999 xx 000 0 und d
100
_a
Gupta R B
245
0
_a
Civil Engineering Drawing Part 1
260
_c
2013
300
_a
0
942
_e
12th
999
_c
43569
_d
43569